<?xml version="1.0" encoding="UTF-8"?><marc:collection xmlns:marc="http://www.loc.gov/MARC21/slim">
  <marc:record>
    <marc:leader>00000nam##2200000za#4500</marc:leader>
    <marc:controlfield tag="001">9.572333</marc:controlfield>
    <marc:controlfield tag="003">CaOODSP</marc:controlfield>
    <marc:controlfield tag="005">20210624183152</marc:controlfield>
    <marc:controlfield tag="007">cr |||||||||||</marc:controlfield>
    <marc:controlfield tag="008">150406|1996||||xxc|||||o    f|0| 0 eng|d</marc:controlfield>
    <marc:datafield tag="040" ind1=" " ind2=" ">
      <marc:subfield code="a">CaOODSP</marc:subfield>
      <marc:subfield code="b">eng</marc:subfield>
    </marc:datafield>
    <marc:datafield tag="043" ind1=" " ind2=" ">
      <marc:subfield code="a">n-cn---</marc:subfield>
    </marc:datafield>
    <marc:datafield tag="086" ind1="1" ind2=" ">
      <marc:subfield code="a">F21-4/96-2E-PDF</marc:subfield>
    </marc:datafield>
    <marc:datafield tag="110" ind1="1" ind2=" ">
      <marc:subfield code="a">Canada. </marc:subfield>
      <marc:subfield code="b">Department of Finance.</marc:subfield>
    </marc:datafield>
    <marc:datafield tag="245" ind1="1" ind2="0">
      <marc:subfield code="a">Why tax corporations? / </marc:subfield>
      <marc:subfield code="h">[electronic resource]</marc:subfield>
      <marc:subfield code="c">[by] Richard M. Bird ; prepared for the Technical Committee on Business Taxation. </marc:subfield>
    </marc:datafield>
    <marc:datafield tag="260" ind1=" " ind2=" ">
      <marc:subfield code="a">Ottawa - Ontario : </marc:subfield>
      <marc:subfield code="b">Finance Canada </marc:subfield>
      <marc:subfield code="c">December 1996.</marc:subfield>
    </marc:datafield>
    <marc:datafield tag="300" ind1=" " ind2=" ">
      <marc:subfield code="a">32p.</marc:subfield>
      <marc:subfield code="b">references</marc:subfield>
    </marc:datafield>
    <marc:datafield tag="490" ind1="1" ind2=" ">
      <marc:subfield code="a">Working paper</marc:subfield>
      <marc:subfield code="v">96-2</marc:subfield>
    </marc:datafield>
    <marc:datafield tag="500" ind1=" " ind2=" ">
      <marc:subfield code="a">"Popular opinion seems to be that, if anything, corporations do not pay enough in taxes. In contrast, although economists recognize that it is often convenient to utilize corporations as agents to collect taxes from customers (sales taxes), employees (payroll and personal income taxes) and owners (dividend and withholding taxes), they often see no good reason why corporations as such should pay any taxes, particularly since corporation income (and capital) taxes may impose significant economic costs on society. This paper discusses this apparent divergence of views, noting a number of reasons why corporations as such might properly be taxed."--Abstract.</marc:subfield>
    </marc:datafield>
    <marc:datafield tag="520" ind1="3" ind2=" ">
      <marc:subfield code="a">Popular opinion seems to be that, if anything, corporations do not pay enough in taxes. In contrast, although economists recognize that it is often convenient to utilize corporations as agents to collect taxes from customers (sales taxes), employees (payroll and personal income taxes) and owners (dividend and withholding taxes), they often see no good reason why corporations as such should pay any taxes, particularly since corporation income (and capital) taxes may impose significant economic costs on society. This paper discusses this apparent divergence of views, noting a number of reasons why corporations as such might properly be taxed.--Abstract</marc:subfield>
    </marc:datafield>
    <marc:datafield tag="590" ind1=" " ind2=" ">
      <marc:subfield code="a">11-30-Supp</marc:subfield>
      <marc:subfield code="b">2011-12-02</marc:subfield>
    </marc:datafield>
    <marc:datafield tag="690" ind1="0" ind2="7">
      <marc:subfield code="a">Taxes</marc:subfield>
      <marc:subfield code="2">gcpds</marc:subfield>
    </marc:datafield>
    <marc:datafield tag="720" ind1="1" ind2=" ">
      <marc:subfield code="a">Bird, Richard M.</marc:subfield>
    </marc:datafield>
    <marc:datafield tag="775" ind1="0" ind2="8">
      <marc:subfield code="t">Pourquoi imposer les sociétés? / </marc:subfield>
      <marc:subfield code="w">(CaOODSP)9.602710</marc:subfield>
    </marc:datafield>
    <marc:datafield tag="776" ind1="0" ind2="#">
      <marc:subfield code="t">Why tax corporations? / </marc:subfield>
      <marc:subfield code="w">(CaOODSP)9.613803</marc:subfield>
    </marc:datafield>
    <marc:datafield tag="830" ind1="#" ind2="0">
      <marc:subfield code="a">Working paper ;</marc:subfield>
      <marc:subfield code="v">96-2</marc:subfield>
      <marc:subfield code="w">(CaOODSP)9.506727</marc:subfield>
    </marc:datafield>
    <marc:datafield tag="856" ind1="4" ind2="0">
      <marc:subfield code="a">http://publications.gc.ca</marc:subfield>
      <marc:subfield code="q">PDF</marc:subfield>
      <marc:subfield code="s">87 KB</marc:subfield>
      <marc:subfield code="u">https://publications.gc.ca/collections/Collection/F21-4-96-2E.pdf</marc:subfield>
      <marc:subfield code="y">96-2</marc:subfield>
    </marc:datafield>
  </marc:record>
</marc:collection>
